000 00517nam a22001932 4500
001 0000002647
005 20170406114405.0
008 140325s xx 000 0 eng d
020 _c$
040 _aYour Holding Symbol
_cYour Holding Symbol
100 1 _aHalloran,John A.
245 1 0 _aIntroduction to financial management.
250 _a ed.
260 _aLondon :
_bIllnois,
_c1985.
300 _a766 p. ;
_c cm.
504 _aindex.
650 0 _abusiness entreprises.
908 _a140325
999 _c2533
_d2533